Promissory notes on the treasury of merits
| Titel: | Promissory notes on the treasury of merits : indulgences in late medieval Europe / ed. by R. N. Swanson |
|---|---|
| Beteiligt: | |
| Veröffentlicht: | Leiden : Brill, 2006 |
| Umfang: | XII, 360 Seiten : Illustrationen ; 25 cm |
| Format: | Buch |
| Sprache: | Englisch |
| Schriftenreihe/ mehrbändiges Werk: |
Brill's companions to the Christian tradition ; 5 |
| ISBN: | 9004152873 ; 9789004152878 |
| Hinweise zum Inhalt: |
Inhaltsverzeichnis
Inhaltsverzeichnis |
alg: 21220845
001A $00004:13-05-09
001B $01999:10-03-25 $t07:49:56.000
001D $00004:23-06-09
001U $0utf8
001X $00
002@ $0Aau
002C $aText $btxt $2rdacontent
002D $aohne Hilfsmittel zu benutzen $bn $2rdamedia
002E $aBand $bnc $2rdacarrier
003@ $0212208454
003O $070167821 $aOCoLC
004A $090-04-15287-3 $A978-90-04-15287-8
006B $0013558138
006B $0GBA680843
006B $0013558138
006L $0513816135 $2GBV
007A $0212208454 $aHEB
007I $0thf190514
007T $0Herdc0024978m
009P $3Inhaltsverzeichnis $uhttp://www.gbv.de/dms/bsz/toc/bsz256695539inh.pdf =M DE-576 =N DE-16 =Q pdf/application
009P $qapplication/pdf $A2 $3Inhaltsverzeichnis $uhttp://scans.hebis.de/HEBCGI/show.pl?21220845_toc.pdf $mV:DE-605;X:Imageware
010@ $aeng
011@ $a2006
013D $#Beiträge Formschlagwort $#Einzelbeiträge $#Sammelwerk Formschlagwort $74143413-4 $8Aufsatzsammlung [Ts1] $9085562742
021A $aPromissory notes on the treasury of merits $dindulgences in late medieval Europe $hed. by R. N. Swanson
028C $BHerausgeber $#Swanson, R. N. $#Swanson, Robert Norman $#Swanson, Robert N. $#Swanson, Robert $4edt $D20220215 $Ecgwrk $7188453229 $8Swanson, R. N.$Z1950- [Tp1] $9298651610
033A $pLeiden $nBrill
034D $aXII, 360 Seiten
034I $a25 cm
034M $aIllustrationen
036E $aBrill's companions to the Christian tradition $l5
036F $x15 $8Brill's companions to the Christian tradition $9185202012 $l5
039U $aRezensiert in $8--Oox--Ehlers, Axel. Promissory notes on the treasury of merits. - Leiden {[u.a.] : Brill. - 2006 [Rezension], 2007 $9394909739
044K $#Abendland $#Okzident $74015701-5 $8Europa [Tgz] $908503617X
044K $#Indulgences $#Indulgences $#Indulgenza $#Indulgencias $#Ablasswesen $74141067-1 $8Ablass [Ts1] $9085543829
044K $#Middle Ages $#Moyen âge $#Medioevo $#Historia medieval $#Mittelalter $#Mittelalter $#Mittelalter $74129108-6 $8Mittelalter [Ts1] $9085450995
045A $aBX2281.3
045B $a265.66
045R $aGeschichte 1250 - 1500
lok: 21220845 13
exp: 21220845 13 1 #EPN
201B/01 $024-11-21 $t10:40:12.000
201C/01 $017-11-14
201U/01 $0utf8
203@/01 $0744208181
208@/01 $a24-11-21 $bz
209A/01 $a2021/1259 $du $f000 $h2021 1259 $x00
209B/01 $a05 $x05
209C/01 $a2014-448
209G/01 $a02749815 $x00
247C/01 $8655000-9 <36>Mainz, Wissenschaftliche Stadtbibliothek Mainz $9102599564
lok: 21220845 76
101B $009-12-14 $t16:35:23.000
101U $0utf8
144Z/01 $aEuropa
144Z/02 $aAblass
144Z/03 $aGeschichte 1200-1520
144Z/04 $aAufsatzsammlung
exp: 21220845 76 1 #EPN
201B/01 $009-12-14 $t16:35:23.000
201U/01 $0utf8
203@/01 $0745280633
208@/01 $a03-12-14 $br
209A/01 $a2013:0382 $du $f000 $h2013 0382 $x00
209C/01 $a2013:0382 $h2013 0382
209G/01 $aFUL2$0769150 $x00
209G/01 $aMagazin $x01
245S/01 $aGesch $x01
247C/01 $8648002-0 Fulda, Bibliothek des Bischöflichen Priesterseminars $9320103366
lok: 21220845 78
exp: 21220845 78 1 #EPN
201B/01 $019-04-17 $t14:49:18.000
201U/01 $0utf8
203@/01 $0791845885
208@/01 $a12-11-16 $be
209A/01 $a/ $f000 $x00
220C/01 $aTitelaufnehmer: pg
237A/01 $aweiterführende Signatur(en): UB Leipzig: 01 A 2006 15850
244Z/01 $2Trx $#dzieło zbiorowe $8--Trx--Sammelwerk $x01 $9391384597
245Z/01 $a01.03 $x01
247C/01 $82080>Marburg/Lahn, Herder-Institut, Forschungsbibliothek, Bibliographieportal $9336309341
lok: 21220845 205
exp: 21220845 205 1 #EPN
201B/01 $010-03-18 $t08:46:13.000
201C/01 $013-05-09
201U/01 $0utf8
203@/01 $0574653236
208@/01 $a23-06-09 $bz
209A/01 $a001 NZM G 736 d $db $f000 $x00
209B/01 $a80 $x05
209C/01 $a09/0131 MAG
209G/01 $a56255753 $x00
209G/01 $aFreihandbereich $x01
220B/01 $aaltbik402
247C/01 $8351000-1 <4>Marburg, Universität Marburg, Universitätsbibliothek $9102594767
| LEADER | 00000cam a2200000 c 4500 | ||
|---|---|---|---|
| 001 | 212208454 | ||
| 003 | DE-603 | ||
| 005 | 20250310074956.0 | ||
| 007 | tu | ||
| 008 | 090513s2006 xx |||| | u00||u|eng c | ||
| 020 | |a 9004152873 | ||
| 020 | |a 9789004152878 | ||
| 035 | |a (DE-599)HEB212208454 | ||
| 035 | |a (DE-601)513816135 | ||
| 035 | |a (OCoLC)70167821 | ||
| 040 | |a DE-603 |b ger |c DE-603 |d DE-603 | ||
| 041 | |a eng | ||
| 050 | 0 | |a BX2281.3 | |
| 082 | 7 | |a 265.66 | |
| 245 | 0 | 0 | |a Promissory notes on the treasury of merits |b indulgences in late medieval Europe |c ed. by R. N. Swanson |
| 264 | 1 | |a Leiden |b Brill |c 2006 | |
| 300 | |a XII, 360 Seiten |b Illustrationen |c 25 cm | ||
| 336 | |a Text |b txt |2 rdacontent | ||
| 337 | |a ohne Hilfsmittel zu benutzen |b n |2 rdamedia | ||
| 338 | |a Band |b nc |2 rdacarrier | ||
| 490 | 1 | |a Brill's companions to the Christian tradition |v 5 | |
| 648 | 7 | |a Geschichte 1250 - 1500 |2 gnd | |
| 650 | 7 | |a Ablass |0 (DE-588)4141067-1 |0 (DE-603)085543829 |2 gnd | |
| 650 | 7 | |a Mittelalter |0 (DE-588)4129108-6 |0 (DE-603)085450995 |2 gnd | |
| 651 | 7 | |a Europa |0 (DE-588)4015701-5 |0 (DE-603)08503617X |2 gnd | |
| 655 | 7 | |a Aufsatzsammlung |2 gnd-content |0 (DE-588)4143413-4 |0 (DE-603)085562742 | |
| 700 | 1 | |a Swanson, R. N. |d 1950- |e Herausgeber |4 edt |0 (DE-603)298651610 |0 (DE-588)188453229 |2 gnd | |
| 787 | 0 | 8 | |i Rezensiert in |a Ehlers, Axel |t Promissory notes on the treasury of merits. - Leiden [u.a.] : Brill. - 2006 [Rezension] |w (DE-603)394909739 |
| 830 | 0 | |t Brill's companions to the Christian tradition |v 5 |w (DE-603)185202012 |w (DE-600)2248842-X |9 15 |7 as | |
| 856 | 4 | 2 | |u http://www.gbv.de/dms/bsz/toc/bsz256695539inh.pdf =M DE-576 =N DE-16 =Q pdf/application |3 Inhaltsverzeichnis |
| 856 | 4 | 2 | |m V:DE-605;X:Imageware |q application/pdf |u http://scans.hebis.de/HEBCGI/show.pl?21220845_toc.pdf |3 Inhaltsverzeichnis |
| 924 | 0 | |9 36 |a (DE-603)744208181 |b DE-36 |c HES |d c |g 2021/1259 | |
| 924 | 0 | |9 Ful 2 |a (DE-603)745280633 |b DE-Ful2 |c HES |d d |g 2013:0382 | |
| 924 | 0 | |9 2080 |a (DE-603)791845885 |b DE-2080 |c HES |d d |g / | |
| 924 | 0 | |9 4 |a (DE-603)574653236 |b DE-4 |c HES |d c |g 001 NZM G 736 d |h Freihandbereich | |


